000 00598nam a2200181 i 4500
001 60046
003 ES-MaACL
005 20230906164139.0
007 t|
008 031103s1970 sp ||||1| spa d
245 0 0 _aEspaña eremítica
_b: actas de la VI Semana de Estudios Monásticos, Abadía de San Salvador de Leyre, 15-20 de septiembre de 1963.
260 _aPamplona :
_bAranzadi,
_c1970.
300 _a686 p., 33 lám. ;
_c25 cm.
490 1 _aAnalecta legerensia ;
_v1
830 0 _aAnalecta legerensia ;
_v1
_9230543
852 _aES-MaACL
_jC-41310
_bR.75599
999 _c60046
_d60046